Catálogo público

Plantas aromáticas y medicinales, enfermedades de importancia y sus usos terapéuticos : (Record no. 218621)

MARC details
000 -CABECERA
campo de control de longitud fija 03001nam a2200385 a 4500
003 - IDENTIFICADOR DEL NÚMERO DE CONTROL
campo de control CHAP
005 - FECHA Y HORA DE LA ÚLTIMA TRANSACCIÓN
campo de control 20230425184701.0
007 - CAMPO FIJO DE DESCRIPCIÓN FÍSICA--INFORMACIÓN GENERAL
campo de control de longitud fija ta
008 - DATOS DE LONGITUD FIJA--INFORMACIÓN GENERAL
campo de control de longitud fija 230425s2019 ck ao||fr|||| 001 0 spa d
020 ## - NÚMERO INTERNACIONAL ESTÁNDAR DEL LIBRO
Número Internacional Estándar del Libro 978-958-8779-06-5
040 ## - FUENTE DE LA CATALOGACIÓN
Centro catalogador/agencia de origen mxchpua
Centro/agencia transcriptor CHAP
Normas de descripción rda
050 10 - SIGNATURA TOPOGRÁFICA DE LA BIBLIOTECA DEL CONGRESO
Número de clasificación C RS160
Número de documento/Ítem .A43 2019
082 00 - NÚMERO DE LA CLASIFICACIÓN DECIMAL DEWEY
Número de clasificación C 615.321
Número de documento/Ítem A43 2019
Número de edición 20
100 1# - ENTRADA PRINCIPAL--NOMBRE DE PERSONA
9 (RLIN) 186783
Nombre de persona Alarcón Restrepo, John Jairo
Término indicativo de función/relación autor
245 10 - MENCIÓN DE TÍTULO
Título Plantas aromáticas y medicinales, enfermedades de importancia y sus usos terapéuticos :
Resto del título medidas para la temporada invernal /
Mención de responsabilidad, etc. John Jairo Alarcón Restrepo
250 ## - MENCIÓN DE EDICIÓN
Mención de edición 1a edición
264 ## - PRODUCCIÓN, PUBLICACIÓN, DISTRIBUCIÓN, FABRICACIÓN Y COPYRIGHT
Producción, publicación, distribución, fabricación y copyright Colombia :
Nombre del de productor, editor, distribuidor, fabricante Instituto Colombiano Agropecuario,
Fecha de producción, publicación, distribución, fabricación o copyright 2019
300 ## - DESCRIPCIÓN FÍSICA
Extensión 48 páginas :
Otras características físicas Fotos
336 ## - TIPO DE CONTENIDO
Fuente rdacontent
Término de tipo de contenido texto
Código de tipo de contenido txt
337 ## - TIPO DE MEDIO
Fuente rdamedia
Nombre/término del tipo de medio sin medio
Código del tipo de medio n
338 ## - TIPO DE SOPORTE
Fuente rdacarrier
Nombre/término del tipo de soporte volumen
Código del tipo de soporte nc
490 1# - MENCIÓN DE SERIE
Mención de serie Línea agrícola (ICA)
504 ## - NOTA DE BIBLIOGRAFÍA, ETC.
Nota de bibliografía, etc. Bibliografía: páginas 47-48
520 2# - SUMARIO, ETC.
Sumario, etc. La fuerte ola invernal asociada al fenómeno de la Niña ha ocasionado un régimen de lluvias excesivo que incrementa los contenidos de humedad en aire y suelo, y favorece la diseminación de plagas y enfermedades que afectan los distintos órganos de la planta (aéreos y subterráneos), reducen la calidad y el rendimiento de las cosechas y originan incrementos en los costos de producción por las medidas de manejo.<br/><br/>Las lluvias excesivas contribuyen a que se genere un ambiente en el cual se limita la circulación de oxígeno en el suelo y se afecta la función radicular. En algunos casos, la planta se hace más vulnerable al ataque de plagas habitantes del suelo. Adicionalmente, algunos patógenos débiles o poco<br/>frecuentes pueden incrementar sus poblaciones, migrar o resurgir, causando daños mayores a los cultivos.<br/><br/>La diversidad climática, la buena adaptación de las especies aromáticas, los bajos costos de producción y la demanda insatisfecha de los mercados han propiciado el establecimiento y el crecimiento de nuevas áreas de cultivo, pero, a la vez, se han venido incrementando los problemas fitosanitarios en<br/>las áreas de siembra debido al desconocimiento de los mismos y de su manejo.<br/><br/>Para ayudar a los productores a controlar estas condiciones y optimizar sus cultivos durante la emergencia invernal, el ICA, en asocio con el Ministerio de Agricultura y Desarrollo Rural y Colombia Humanitaria, ha realizado esta cartilla que ofrece información general sobre el cultivo de plantas aromáticas y medicinales, las enfermedades y plagas que se han acentuado durante la ola invernal y una guía práctica para monitorearlas y controlarlas.
650 13 - PUNTO DE ACCESO ADICIONAL DE MATERIA--TÉRMINO DE MATERIA
9 (RLIN) 132618
Término de materia o nombre geográfico como elemento de entrada Farmacognosia
650 13 - PUNTO DE ACCESO ADICIONAL DE MATERIA--TÉRMINO DE MATERIA
9 (RLIN) 150663
Término de materia o nombre geográfico como elemento de entrada Fitoterapia
650 13 - PUNTO DE ACCESO ADICIONAL DE MATERIA--TÉRMINO DE MATERIA
9 (RLIN) 149609
Término de materia o nombre geográfico como elemento de entrada Hierbas
Subdivisión general Uso terapéutico
650 10 - PUNTO DE ACCESO ADICIONAL DE MATERIA--TÉRMINO DE MATERIA
9 (RLIN) 150669
Término de materia o nombre geográfico como elemento de entrada Plantas medicinales
650 13 - PUNTO DE ACCESO ADICIONAL DE MATERIA--TÉRMINO DE MATERIA
9 (RLIN) 150667
Término de materia o nombre geográfico como elemento de entrada Pharmacognosy
650 13 - PUNTO DE ACCESO ADICIONAL DE MATERIA--TÉRMINO DE MATERIA
9 (RLIN) 150668
Término de materia o nombre geográfico como elemento de entrada Phytotherapy
650 13 - PUNTO DE ACCESO ADICIONAL DE MATERIA--TÉRMINO DE MATERIA
9 (RLIN) 149608
Término de materia o nombre geográfico como elemento de entrada Herbs
Subdivisión general Therapeutic use
650 13 - PUNTO DE ACCESO ADICIONAL DE MATERIA--TÉRMINO DE MATERIA
9 (RLIN) 150666
Término de materia o nombre geográfico como elemento de entrada Medicinal plants
830 ## - PUNTO DE ACCESO ADICIONAL DE SERIE-TÍTULO UNIFORME
Título uniforme Línea agrícola (ICA)
9 (RLIN) 186785
942 ## - ELEMENTOS DE PUNTO DE ACCESO ADICIONAL (KOHA)
Fuente del sistema de clasificación o colocación Dewey Decimal Classification
Tipo de ítem Koha
Holdings
Estado de retiro Estado de pérdida Fuente del sistema de clasificación o colocación Estado dañado Restricciones de uso No para préstamo Código de colección Localización permanente Ubicación/localización actual Fecha de adquisición Fuente de adquisición Número de inventario Total de préstamos Signatura topográfica completa Código de barras Fecha visto por última vez Número de copia Precio válido a partir de Tipo de ítem Koha Fecha del último préstamo
    Dewey Decimal Classification   Préstamo interno   Consulta Ingenieria Agroindustrial Ingenieria Agroindustrial 16/12/2021 Compra Carvann Books F. C 22 Consumo   C 615.321 A43 2019 1103014671 25/04/2023 Ej. 1 25/04/2023 Libro  
    Dewey Decimal Classification   Préstamo 5 días   Consulta Ingenieria Agroindustrial Ingenieria Agroindustrial 16/12/2021 Compra Carvann Books F. C 22 Consumo   C 615.321 A43 2019 1103014672 25/04/2023 Ej. 2 25/04/2023 Libro  
    Dewey Decimal Classification   Préstamo 5 días   Consulta Ingenieria Agroindustrial Ingenieria Agroindustrial 16/12/2021 Compra Carvann Books F. C 22 Consumo 1 C 615.321 A43 2019 1103014673 13/03/2026 Ej. 3 25/04/2023 Libro 09/03/2026